书目信息 |
| 题名: |
国外成人教育概论
|
|
| 作者: | 沈金荣 著 | |
| 分册: | ||
| 出版信息: | 上海 上海科技教育出版社 1997.12 |
|
| 页数: | 236页 | |
| 开本: | 32开 | |
| 丛书名: | 成人教育理论丛书 | |
| 单 册: | ||
| 中图分类: | G720-51 | |
| 科图分类: | ||
| 主题词: | 类型 , 教育 | |
| 电子资源: | ||
| ISBN: | 7-5428-1648-9 | |
| 000 | 00591nam0 2200229 45 | |
| 001 | 0004061685 | |
| 005 | 20031219104044.5 | |
| 010 | @a7-5428-1648-9@dCNY15.60 | |
| 100 | @a20000406d1997 km y0chiy0120 ea | |
| 101 | @achi | |
| 105 | @a z 000yy | |
| 200 | 1 | @a国外成人教育概论@f沈金荣著 |
| 210 | @a上海@c上海科技教育出版社@d1997.12 | |
| 215 | @a236页@d32开 | |
| 225 | @a成人教育理论丛书 | |
| 410 | @12001 @a成人教育理论丛书 | |
| 606 | 0 | @x类型 |
| 606 | 0 | @a教育 |
| 690 | @aG720-51@v1 | |
| 701 | @a沈金荣@4著 | |
| 801 | @aCN@bTSTC@c20000406 | |
| 905 | @f6@b287279-284@dG720-51@e71:5 | |
| 国外成人教育概论/沈金荣著.-上海:上海科技教育出版社,1997.12 |
| 236页;32开.-(成人教育理论丛书) |
| ISBN 7-5428-1648-9:CNY15.60 |
| ● |
| 相关链接 |
|
|
|
|
正题名:国外成人教育概论
索取号:G720-51/71:5
 
预约/预借
| 序号 | 登录号 | 条形码 | 馆藏地/架位号 | 状态 | 备注 |
| 1 | 0287279 | 002872797 | 密集书库/ [索取号:G720-51/71:5] | 在馆 | |
| 2 | 0287280 | 002872804 | 密集书库/ [索取号:G720-51/71:5] | 在馆 | |
| 3 | 0287281 | 002872813 | 密集书库/ [索取号:G720-51/71:5] | 在馆 | |
| 4 | 0287282 | 002872822 | 第四借阅区/ [索取号:G720-51/71:5] | 在馆 | |
| 5 | 0287283 | 002872831 | 第四借阅区/ [索取号:G720-51/71:5] | 在馆 | |
| 6 | 0287284 | 002872840 | 第一样本阅览室/ [索取号:G720-51/71:5] | 在馆 |